000 00751nmc a2200289 a 4500
003 AR-BaBNM
005 20251128210811.0
008 151020s1999 ||||||||||||||000 | spa||
020 _a956-13-1574-2
040 _cAR-BaBNM
100 1 _aTall, J.J.
245 1 0 _aSubmarinos
246 1 _aHistoria de los submarinos
260 _aSantiago de Chile
_bEditorial Andrés Bello
_c1999
300 0 _a32 p.
_bil., láms.
490 0 _aLa historia de...
650 4 _aLIBROS PARA NINOS
650 4 _aLITERATURA INFANTIL
650 4 _aRESUMENES ANALITICOS
650 4 _aBIBLIOTECAS INFANTILES
650 4 _aHISTORIA
650 4 _aGUERRA
653 _aCUENTO MARAVILLOSO
653 _aEDUCACION PRIMARIA
942 _cBK
998 _cMariana
999 _c16969
_d16969